Report of the evaluation committee (Record no. 497011)

000 -LEADER
fixed length control field 00390cam a22001217a 4500
008 - FIXED-LENGTH DATA ELEMENTS--GENERAL INFORMATION
fixed length control field 180718bn.d. xxu||||| |||| 00| 0 eng d
082 ## - DEWEY DECIMAL CLASSIFICATION NUMBER
Classification number B309x54 In2
245 ## - TITLE STATEMENT
Title Report of the evaluation committee
260 ## - PUBLICATION, DISTRIBUTION, ETC.
Place of publication, distribution, etc. New Delhi
Name of publisher, distributor, etc. Indian Institute of Public Administration
Date of publication, distribution, etc. n.d.
300 ## - PHYSICAL DESCRIPTION
Extent 71p.
650 ## - SUBJECT ADDED ENTRY--TOPICAL TERM
Topical term or geographic name entry element Education -- Congresses - India
700 ## - ADDED ENTRY--PERSONAL NAME
Personal name Indian Institute of Public Administration
Holdings
Withdrawn status Lost status Damaged status Not for loan Permanent Location Current Location Date acquired Full call number Barcode Date last seen Price effective from Koha item type Total Checkouts Date last checked out
        Indian Institute of Public Administration Indian Institute of Public Administration 2018-08-04 B309x54 In2 GR7506 2018-08-04 2018-08-04 GR    
        Indian Institute of Public Administration Indian Institute of Public Administration 2018-08-04 B309x54 In2 GR7505 2019-08-28 2018-08-04 GR 1 2019-08-27
        Indian Institute of Public Administration Indian Institute of Public Administration 2018-08-04 B309x54 In2 GR7504 2018-08-04 2018-08-04 GR    

Powered by Koha